000 00332nam a2200133Ia 4500
008 240624s9999 xx 000 0 und d
041 _aeng
082 _a891.4608 DES
100 _aDESHMUKH SUJATA
245 _aI TOO HAD A DREAM
260 _c2007
_aPune
_bRajhans Prakashan
300 _aix, : 218 : p. : cm. ; 21
365 _cRS
_b20
999 _c6902
_d6902